| 000 | 01006nam a22003137a 4500 | ||
|---|---|---|---|
| 003 | CHAP | ||
| 005 | 20220329135342.0 | ||
| 008 | 971013s1984 r 00010 d | ||
| 010 | _a34892 | ||
| 011 | _a35864 | ||
| 035 | _a39981 | ||
| 040 | _cCHAP | ||
| 090 | _aTesis | ||
| 100 | 0 | 0 |
_aOlivera de los Santos, Aída. _983103 |
| 245 | _aTratamiento para controlar latencia en tomate de cáscara (Physalis spp.) | ||
| 260 |
_aChapingo, Méx. : _bEl autor, _c1984 |
||
| 300 | _a84 h. | ||
| 502 | _aTesis (Ing. Agr. Esp. en Fitotecnia) -- UACH. Departamento de Fitotecnia | ||
| 590 |
_aALEPH _b10 _c20130110 _lUCH01 _h1300 |
||
| 590 |
_aBATCH-UPD _b10 _c20130110 _lUCH01 _h1736 |
||
| 590 |
_aBATCH-UPD _b10 _c20130410 _lUCH01 _h1116 |
||
| 590 |
_aBATCH-UPD _b10 _c20130914 _lUCH01 _h1723 |
||
| 590 |
_aCONVERSION _b10 _c20130109 _lUCH01 _h1320 |
||
| 650 | 1 | 4 |
_aLetargo en plantas. _966367 |
| 650 | 1 | 4 |
_aTomate verde. _9113796 |
| 901 | _aBK | ||
| 942 | _cTESIS | ||
| 949 |
_bBC _cTES _d-91292 _eTS1 _h21059 _i39981 _si |
||
| 999 |
_c34892 _d34892 |
||